00592 2200229 4500001002100000005001700021008004100038035002400079040001200103082001500115090002000130245002300150260007000173300001900243600001700262650002300279850001200302990001200314990001200326990001200338990001200350YOGYA-0412000000076820120430184408.0 ind  0010-041200000000768 aYOPDYOG a899.211111 a899.211111bHik aHIKAYAT malem diwa aJakartabProyek Penerbitan Buku Sastra Indonesia dan Daerahc1980 a368 hlmc21 cm aHarun, Ramli aKesusasteraan Aceh aYOPDYOG a57331-a a57331-A a57331-A a57331-a